Lord Stratford Canning'ın Türkiye hatıraları. (Record no. 45079)

MARC details
000 -LEADER
fixed length control field 00912cam a22002411 4500
001 - CONTROL NUMBER
control field ne 62000546
003 - CONTROL NUMBER IDENTIFIER
control field DLC
005 - DATE AND TIME OF LATEST TRANSACTION
control field 20260227111735.0
008 - FIXED-LENGTH DATA ELEMENTS--GENERAL INFORMATION
fixed length control field 900525s1959 tu ac 000 0 tur
010 ## - LIBRARY OF CONGRESS CONTROL NUMBER
LC control number ne 62000546
035 ## - SYSTEM CONTROL NUMBER
System control number (OCoLC)21590707
040 ## - CATALOGING SOURCE
Original cataloging agency DLC
Transcribing agency CU
Modifying agency DLC
041 1# - LANGUAGE CODE
Language code of text/sound track or separate title tur
Language code of original eng
042 ## - AUTHENTICATION CODE
Authentication code premarc
050 00 - LIBRARY OF CONGRESS CALL NUMBER
Classification number DA46.S7
Item number L38
100 2# - MAIN ENTRY--PERSONAL NAME
Personal name Lane-Poole, Stanley,
Dates associated with a name 1854-1931.
245 00 - TITLE STATEMENT
Title Lord Stratford Canning'ın Türkiye hatıraları.
Statement of responsibility, etc. Stanley Lane Pole'un kitabından özetleyip Türkçeye çeviren Can Yücel.
260 ## - PUBLICATION, DISTRIBUTION, ETC.
Place of publication, distribution, etc. Ankara,
Name of publisher, distributor, etc. Türk Tarih Kurumu Basımevi,
Date of publication, distribution, etc. 1959.
300 ## - PHYSICAL DESCRIPTION
Extent cliii, 278 p.
Other physical details illus. (1 col.) ports.
Dimensions 24 cm.
500 ## - GENERAL NOTE
General note Summarized translation of The life of the Right Honourable Stratford Canning, Viscount Stratford de Redcliffe.
600 20 - SUBJECT ADDED ENTRY--PERSONAL NAME
Personal name Stratford de Redcliffe, Stratford Canning,
Titles and other words associated with a name Viscount,
Dates associated with a name 1786-1880.
700 1# - ADDED ENTRY--PERSONAL NAME
Personal name Yücel, Can,
Relator term ed and tr.

No items available.

Powered by Koha